Statistics for Is__ a country? #1

Click here to take the quiz!

General Stats

  • This quiz has been taken 86 times
  • The average score is 14 of 15

Answer Stats

QuestionAnswer% Correct
Is Ontario a country?No
100%
Is Flywaterland a country?No
100%
Is Norway a countryYes
100%
Is Boxing a country?Its a sport
99%
Is London a country?No
99%
Is Togo a country?Yes
99%
Is Svalbard a country?No
98%
Is Suva a country?No
98%
Is Texas a country?No
98%
Is Belize a country?Yes
95%
Is Greenland a country?No
94%
Is Nauru a country?Yes
94%
is cape Verde a country?Yes
94%
Is Tasmania a country?No
93%
Is Bermuda a country?No
79%

Score Distribution

Percentile by Number Answered

Percent of People with Each Score

Your Score History

You have not taken this quiz